000 00630nam a2200193Ia 4500
005 20250508165902.0
008 008 250505s9999 xx 000 0 eng d
020 _a81-89915-38 X
037 _aReference
040 _aFEDL
_beng
_cFEDL
041 _aeng
_2eng
084 _a371.39, IND/RR
_qFEDL
245 0 _aInternational conference on ICT for education: Abstracts- in- original : 27 th January, 2018
245 0 _cIndia. Human Resource Development, (Ministry of...)
260 _aDelhi, India
_bUniversity of Delhi
_c2018
300 _a29p.
942 _cREF
_h371.39, IND/RR
999 _c1398001
_d1398001